• 首页
  • 本馆介绍
  • 公告通知
  • 最新文献
  • 馆藏检索
  • 电子资源
  • 读者导购
  • 参考咨询
  • 我的图书馆
  • 登录
  • 详细信息显示
  • 放入我的书架
  • 预约/预借图书
  • 作者相关作品
  • 分类相关作品
  • 丛书相关作品
  • 出版社相关作品

书目信息

  • 表格格式
  • 工作单格式
  • 卡片格式
题名:
四川人口地理
    
 
作者: 张芳笠 , 曾祥益 主编
分册:  
出版信息: 成都   西南财经大学出版社  1991.10
页数: 287页
开本: 19cm
丛书名:
单 册:
中图分类: C922.2
科图分类:
主题词: 人口地理学--中国
电子资源:
ISBN: 7-81017-232-8
000 00601nam0 2200205 45
001 0405051017
005 20050607155319.3
010    @a7-81017-232-8@dCNY1.88
100    @a20040505d1991 km y0chiy0120 ea
101 0  @achi
105    @a z 000yy
200 1  @a四川人口地理@ASi Chuan Ren Kou Di Li@f张芳笠,曾祥益主编@FZhang Fang Li,Ceng Xiang Yi Zhu Bian
210    @a成都@c西南财经大学出版社@d1991.10
215    @a287页@d19cm
606 0  @a人口地理学@x中国
690    @aC922.2@v3
701  0 @a张芳笠@4主编
701  0 @a曾祥益@4主编
801    @aCN@bPftUser@c20040505
905    @dC922.2@e42@f1@b251756
    
    四川人口地理/张芳笠,曾祥益主编.-成都:西南财经大学出版社,1991.10
    287页;19cm
    
    
    ISBN 7-81017-232-8:CNY1.88
    
●
相关链接 在E读中查询图书 在五车中查询图书 在当当中查询图书 在豆瓣中查询图书


正题名:四川人口地理     索取号:C922.2/42         预约/预借

序号 登录号 条形码 馆藏地/架位号 状态 备注
1 0251755   001030137   密集书库/ [索取号:C922.2/42] 在馆    
2 0251756   001030146   第一样本阅览室/ [索取号:C922.2/42] 在馆    
唐山师范学院图书馆 欢迎您!
大连网信软件有限公司© 版权所有